Estrellita : (Record no. 104307)
[ view plain ]
| 000 -LEADER | |
|---|---|
| fixed length control field | 00585nam a2200169 a 4500 |
| 005 - DATE AND TIME OF LATEST TRANSACTION | |
| control field | 20140412111318.0 |
| 008 - FIXED-LENGTH DATA ELEMENTS--GENERAL INFORMATION | |
| fixed length control field | 010419s19uu xx 00 eng d |
| 020 ## - INTERNATIONAL STANDARD BOOK NUMBER | |
| International Standard Book Number | 97150-8021-9 |
| 050 ## - LIBRARY OF CONGRESS CALL NUMBER | |
| Classification number | FIL 523.5 |
| Item number | T629 1996 |
| 100 ## - MAIN ENTRY--PERSONAL NAME | |
| Personal name | Tobias, Mary Ann Manalang |
| 245 ## - TITLE STATEMENT | |
| Title | Estrellita : |
| Remainder of title | the little wishing star / |
| Statement of responsibility, etc | Mary Ann Manalang Tobias. |
| 260 ## - PUBLICATION, DISTRIBUTION, ETC. (IMPRINT) | |
| Place of publication, distribution, etc | Quezon City, Philippines : |
| Name of publisher, distributor, etc | Adarna Book Services, Inc, |
| Date of publication, distribution, etc | 1995. |
| 300 ## - PHYSICAL DESCRIPTION | |
| Extent | 1v. (unp.) ; ill. |
| 500 ## - GENERAL NOTE | |
| General note | 1995 2nd Price Palanca Memorial Award for Children Story |
| 650 ## - SUBJECT ADDED ENTRY--TOPICAL TERM | |
| Topical term or geographic name as entry element | Children's stories, Philippines |
| Withdrawn status | Lost status | Damaged status | Home library | Current library | Shelving location | Date acquired | Source of acquisition | Total Checkouts | Full call number | Barcode | Date last seen | Price effective from | Koha item type |
|---|---|---|---|---|---|---|---|---|---|---|---|---|---|
| Elizalde Library | Elizalde Library | Filipiniana Section | 04/19/2001 | FIL 523.5 T629 1996 | E7334 | 04/12/2014 | 04/12/2014 | Books |